000 00306nam a22001337a 4500
008 170602b xxu||||| |||| 00| 0 eng d
020 _a9780312446741
041 _aeng
080 _210TH
_a94
100 _a17
101 _aSHH
245 _aA STUDENT'S GUIDE TO HISTORY
_cBENJAMIN,J.R
942 _2udc
_cBK
999 _c15540
_d15540